O válečném umění /
Nejstarší dochovaná kniha strategického myšlení a nejstarší literárně doložená vojenská doktrína v dějinách lidstva je dnes již kultovním dílem o vojenské strategii. Zároveň je však textem filozofickým a dalece přesahuje téma vojenské, čímž zůstává podnes živou a důležitou součástí knihovničky diplo...
Uloženo v:
| Hlavní autor: | |
|---|---|
| Médium: | E-kniha |
| Jazyk: | Czech |
| Vydáno: |
Praha :
Apostrof,
2015
|
| Tagy: |
Žádné tagy |
| LEADER | 01295nam a22002297i 4500 | ||
|---|---|---|---|
| 001 | 310832 | ||
| 007 | ta | ||
| 008 | 260601s2015 xr ||||| |||| 00| 0 cze d | ||
| 020 | |a 9788087532034 | ||
| 044 | |a xr | ||
| 100 | 1 | |a Sun, Mistr |4 aut | |
| 245 | 1 | 0 | |a O válečném umění / |c Sun, Mistr |
| 264 | 1 | |a Praha : |b Apostrof, |c 2015 | |
| 300 | |a 1 online zdroj (117 stran) | ||
| 336 | |a text |b txt |2 rdacontent | ||
| 337 | |a bez média |b n |2 rdamedia | ||
| 338 | |a online zdroj |b cr |2 rdacarrier | ||
| 520 | 2 | |a Nejstarší dochovaná kniha strategického myšlení a nejstarší literárně doložená vojenská doktrína v dějinách lidstva je dnes již kultovním dílem o vojenské strategii. Zároveň je však textem filozofickým a dalece přesahuje téma vojenské, čímž zůstává podnes živou a důležitou součástí knihovničky diplomatů i manažerů. | |
| 910 | |a RBIT002 | ||
| 998 | |d 175916 |a https://core.palmknihy.cz/api/books/175916/cover?5otbdi |b https://core.palmknihy.cz/api/books/175916/cover/400?ysvhap |c https://core.palmknihy.cz/api/books/175916/cover/50?jm9a5o |e |g 117 |i 9788087532034 |j https://core.palmknihy.cz/api/books/175916/preview.epub |k https://core.palmknihy.cz/api/books/175916/preview.pdf |l |q 49 |r 1 |s https://www.palmknihy.cz/kniha/175916 |t ebook |y 2015 |z 1 | ||
| 999 | |d 310830 | ||